Settelment of the Kurdish problem in Iraq / (Record no. 5546)
[ view plain ]
| 000 -LEADER | |
|---|---|
| fixed length control field | 00520nam a2200205 a 4500 |
| 001 - CONTROL NUMBER | |
| JCCL Control Number | 5546 |
| 003 - CONTROL NUMBER IDENTIFIER | |
| JCCL marc code | BD-JhCC |
| 005 - DATE AND TIME OF LATEST TRANSACTION | |
| control field | 20171217200035.0 |
| 008 - FIXED-LENGTH DATA ELEMENTS--GENERAL INFORMATION | |
| fixed length control field | 171217s1974 xxu |||| || | 00| 0 eng d |
| 035 ## - SYSTEM CONTROL NUMBER | |
| system control number | (BD-JhCC)5546 |
| 040 ## - CATALOGING SOURCE | |
| Original cataloging agency | BD-JhCC |
| Modifying agency | BD-JhCC |
| 041 ## - LANGUAGE CODE | |
| Language code of Book | eng |
| 082 ## - DEWEY DECIMAL CLASSIFICATION NUMBER | |
| Classification number | 323.1191597 |
| Author mark and Year | THA1974 |
| 100 ## - MAIN ENTRY--PERSONAL NAME | |
| Personal name | Thawra,Ath |
| 245 ## - TITLE STATEMENT | |
| Title | Settelment of the Kurdish problem in Iraq / |
| Statement of responsibility, etc | Ath-Thawra, |
| 260 ## - PUBLICATION, DISTRIBUTION, ETC. (IMPRINT) | |
| Name of publisher, distributor, etc | Ath-thawra Publications, |
| Date of publication, distribution, etc | 1974. |
| 300 ## - PHYSICAL DESCRIPTION | |
| Pagination | 198 p. : |
| Dimensions | 20 cm. |
| 942 ## - ADDED ENTRY ELEMENTS (KOHA) | |
| Source of classification or shelving scheme | Dewey Decimal Classification |
| Koha item type | Books |
| Source of classification or shelving scheme | Damaged status | Not for loan | Home library | Current library | Shelving location | Total Checkouts | Full call number | Barcode | Date last seen | Copy number | Koha item type |
|---|---|---|---|---|---|---|---|---|---|---|---|
| Dewey Decimal Classification | JCC Rouf Library | JCC Rouf Library | General Stacks | 323.1191597 THA 1974 | 7669 | 12/17/2017 | C - 1 | Books |